Kontrola zamestnanca počas PN
Z ust. § 81 zákona č. 311/2001 Z. z. Zákonníka práce v znení neskorších predpisov (ďalej len „Zákonník práce“) vyplýva povinnosť zamestnanca dodržiavať liečebný režim určený ošetrujúcim lekárom v období, v ktorom má podľa osobitného predpisu nárok na náhradu príjmu pri dočasnej pracovnej neschopnost...
Enregistré dans:
| Auteur principal: | |
|---|---|
| Format: | Chapitre de livre |
| Langue: | slovaque |
| Sujets: | |
| Tags: |
Pas de tags, Soyez le premier à ajouter un tag!
|
MARC
| LEADER | 00000naa a2200000 4500 | ||
|---|---|---|---|
| 001 | 0308710 | ||
| 005 | 20250523091926.2 | ||
| 041 | 0 | |a slo | |
| 044 | |a SK | ||
| 245 | 1 | 0 | |a Kontrola zamestnanca počas PN |c Tatiana Mičudová |
| 520 | |a Z ust. § 81 zákona č. 311/2001 Z. z. Zákonníka práce v znení neskorších predpisov (ďalej len „Zákonník práce“) vyplýva povinnosť zamestnanca dodržiavať liečebný režim určený ošetrujúcim lekárom v období, v ktorom má podľa osobitného predpisu nárok na náhradu príjmu pri dočasnej pracovnej neschopnosti. | ||
| 610 | 2 | 0 | |a práceneschopnosť |
| 610 | 2 | 0 | |a kontrola |
| 610 | 2 | 0 | |a zamestnávatelia |
| 610 | 2 | 0 | |a mzdy |
| 610 | 2 | 0 | |a legislatíva |
| 100 | 1 | |a Mičudová, Tatiana | |